000 00712nam a2200253Ia 4500
003 OSt
005 20221005084229.0
006 a|||||r|||| 00| 0
007 ta
008 221004b |||||||| |||| 00| 0 eng d
020 _a0691003939 (pbk)
024 _a80709
037 _bGift, 01/01/2005,
_cTextual
040 _aCRL
_cCRL
_beng
041 _2eng
_aeng
082 _aXM2, N2
100 _aKornai Janos
245 0 _aSocialist system
_bThe political economy of communism
260 _aNew Jersey
_bPrincetion University Press U.S.A
_c1992
300 _a643p.
_ccm.
650 _aECONOMICS
942 _hXM2, N2
_cTEXL
_2cc
999 _c992214
_d992214